Making the Russian bomb (Record no. 778776)

MARC details
000 -LEADER
fixed length control field 00823nam a2200265Ia 4500
003 - CONTROL NUMBER IDENTIFIER
control field OSt
005 - DATE AND TIME OF LATEST TRANSACTION
control field 20220928124516.0
008 - FIXED-LENGTH DATA ELEMENTS--GENERAL INFORMATION
fixed length control field 220927b |||||||| |||| 00| 0 eng d
037 ## - SOURCE OF ACQUISITION
Terms of availability Textual
040 ## - CATALOGING SOURCE
Original cataloging agency SDCL
Transcribing agency SDCL
Language of cataloging eng
041 ## - LANGUAGE CODE
Source of code eng
Language code of text/sound track or separate title eng
100 ## - MAIN ENTRY--PERSONAL NAME
Personal name Cochran Thomas B
9 (RLIN) 465883
245 #0 - TITLE STATEMENT
Title Making the Russian bomb
Remainder of title From Stalin to Yeltsin
260 ## - PUBLICATION, DISTRIBUTION, ETC.
Place of publication, distribution, etc. Boulder
Name of publisher, distributor, etc. Westview Press
Date of publication, distribution, etc. 1995
300 ## - PHYSICAL DESCRIPTION
Extent xvi,318p
Dimensions cm.
650 ## - SUBJECT ADDED ENTRY--TOPICAL TERM
Topical term or geographic name entry element History Soviet Union Nuclear weapon
9 (RLIN) 465884
700 ## - ADDED ENTRY--PERSONAL NAME
Personal name Bukharin Oleg A
9 (RLIN) 465885
700 ## - ADDED ENTRY--PERSONAL NAME
Personal name Norris Robert S
9 (RLIN) 465886
942 ## - ADDED ENTRY ELEMENTS (KOHA)
Classification part V58:19(C9B3)'N9, N5
Koha item type Textual
Source of classification or shelving scheme Colon Classification (CC)
Holdings
Withdrawn status Lost status Damaged status Not for loan Home library Current library Date acquired Total Checkouts Full call number Barcode Date last seen Price effective from Koha item type
        South Campus Library South Campus Library 2022-09-28   V58:19(C9B3)'N9 N5 SC0963395 2022-09-28 2022-09-28 Textual
Copyright @ Delhi University Library System